| 000 | 00682nam a2200241Ia 4500 | ||
|---|---|---|---|
| 003 | OSt | ||
| 005 | 20230728143356.0 | ||
| 008 | 210716s2006 xx 000 0 und d | ||
| 020 | _a8174464824 | ||
| 040 | _cAIMIT LIBRARY | ||
| 041 | _aeng | ||
| 082 |
_a346.07 _23 _bGULS |
||
| 100 |
_aGulshan, S S. _9128849 |
||
| 245 |
_aBusiness law / _cBy S S Gulshan. |
||
| 250 | _a3rd ed. | ||
| 260 |
_aNew Delhi : _bExcel Books , _c2006. |
||
| 300 |
_aix,723p. ; _bPB _c23.8cm |
||
| 650 |
_aBusiness Law _9128850 |
||
| 651 |
_aMeaning and nature of law _9128851 |
||
| 651 |
_aContract of agency _9128852 |
||
| 651 |
_aLaw of sale of goods _9128853 |
||
| 942 |
_2ddc _cBK _e3rd _k346.07 GULS |
||
| 999 |
_c201764 _d201764 |
||